[Event "IMSA Blitz w 2016"]
[Site "Huai'an CHN"]
[Date "2016.02.28"]
[Round "1.2"]
[White "Socko, Monika"]
[Black "Khotenashvili, Bela"]
[Result "1-0"]
[WhiteTitle "GM"]
[BlackTitle "GM"]
[WhiteElo "2448"]
[BlackElo "2502"]
[WhiteFideId "1106619"]
[BlackFideId "13602640"]
[EventDate "2016.02.28"]

1. d4 g6 2. c4 Bg7 3. e4 c5 4. d5 d6 5. Nc3 e6 6. Bd3 Ne7 7. Nge2 O-O 8. h4 exd5
9. cxd5 Nd7 10. h5 Ne5 11. Bc2 Bg4 12. h6 Bh8 13. Bg5 a6 14. a4 Re8 15. O-O Bd7
16. Ng3 b5 17. Qe2 Qb6 18. axb5 f6 19. Be3 axb5 20. b4 Nc4 21. bxc5 dxc5 22. Bf4
Rxa1 23. Rxa1 Nc8 24. Rb1 Na3 25. Rc1 b4 26. Ba4 Qb7 27. Bxd7 Qxd7 28. Nd1 c4
29. Ne3 c3 30. Qa2 Nd6 31. Rb1 Rb8 32. Rb3 g5 33. Bxd6 Qxd6 34. Ngf5 Qc5 35. d6
Kf8 36. Nc2 Nxc2 37. Qxc2 Rd8 38. Rb1 Qc4 39. Ne3 Qc5 40. e5 Qxe5 41. Qxh7 f5
42. Rxb4 f4 43. Re4 Qf6 44. Qe7+ Kg8 45. h7# 1-0

[Event "IMSA Blitz w 2016"]
[Site "Huai'an CHN"]
[Date "2016.02.28"]
[Round "1.4"]
[White "Kosteniuk, Alexandra"]
[Black "Gunina, Valentina"]
[Result "0-1"]
[WhiteTitle "GM"]
[BlackTitle "GM"]
[WhiteElo "2554"]
[BlackElo "2496"]
[WhiteFideId "4128125"]
[BlackFideId "4167570"]
[EventDate "2016.02.28"]

1. e4 c6 2. d4 d5 3. e5 Bf5 4. Nf3 e6 5. Be2 Ne7 6. O-O h6 7. Nbd2 Nd7 8. Nb3
Qc7 9. Bd2 a5 10. a4 g5 11. c4 Bg7 12. Rc1 O-O 13. Qe1 b6 14. cxd5 Nxd5 15. Bb5
Ne7 16. Qe2 Rfd8 17. h4 g4 18. Nh2 Qb7 19. Bc4 h5 20. Bg5 Nf8 21. Qe3 Nfg6 22.
Nd2 b5 23. axb5 cxb5 24. Ba2 Nd5 25. Qg3 Rdc8 26. Nb3 Nb4 27. Nc5 Rxc5 28. Rxc5
Nxa2 29. Bf6 Bf8 30. Qe3 Nb4 31. Qg5 Nd3 32. f3 g3 33. Rc3 gxh2+ 34. Kxh2 Nf4
35. g3 Ne2 36. Re3 Nxd4 37. g4 Rc8 38. gxf5 Rc2+ 39. Kh3 Nxf5 40. Rd3 Bh6 41.
Rd8+ Kh7 42. Rh8+ 0-1

[Event "IMSA Blitz w 2016"]
[Site "Huai'an CHN"]
[Date "2016.02.28"]
[Round "1.5"]
[White "Zhao, Xue"]
[Black "Harika, Dronavalli"]
[Result "1-0"]
[WhiteTitle "GM"]
[BlackTitle "GM"]
[WhiteElo "2506"]
[BlackElo "2511"]
[WhiteFideId "8601283"]
[BlackFideId "5015197"]
[EventDate "2016.02.28"]

1. d4 e6 2. c4 b6 3. Nc3 Bb7 4. a3 f5 5. h4 Nf6 6. Bg5 Be7 7. Nh3 Ne4 8. Nxe4
fxe4 9. Qd2 O-O 10. O-O-O b5 11. e3 bxc4 12. Bxc4 Bd5 13. Bxd5 exd5 14. Nf4 c6
15. f3 Bxg5 16. hxg5 Qxg5 17. Rh5 Qf6 18. Rdh1 h6 19. g4 d6 20. Rf5 Qe7 21. Ng6 1-0

[Event "IMSA Blitz w 2016"]
[Site "Huai'an CHN"]
[Date "2016.02.28"]
[Round "1.6"]
[White "Paehtz, Elisabeth"]
[Black "Huang, Qian"]
[Result "1-0"]
[WhiteTitle "IM"]
[BlackTitle "WGM"]
[WhiteElo "2472"]
[BlackElo "2450"]
[WhiteFideId "4641833"]
[BlackFideId "8602689"]
[EventDate "2016.02.28"]

1. e4 c5 2. Nc3 Nc6 3. Bb5 e6 4. Bxc6 bxc6 5. d3 d5 6. Nge2 Ne7 7. Ng3 Ng6 8.
O-O Be7 9. f4 O-O 10. f5 exf5 11. exf5 Ne5 12. Bf4 Bf6 13. Qd2 Bd7 14. Rae1 Re8
15. h3 g6 16. Kh1 Rb8 17. b3 Rb4 18. Na4 Qa5 19. Bg5 Bxg5 20. Qxg5 Qd8 21. Qxd8
Rxd8 22. Rxe5 c4 23. dxc4 dxc4 24. Rd1 Re8 25. Rxe8+ Bxe8 26. f6 cxb3 27. axb3
Rf4 28. Rd6 Kf8 29. Nc5 1-0

[Event "IMSA Blitz w 2016"]
[Site "Huai'an CHN"]
[Date "2016.02.28"]
[Round "1.8"]
[White "Tan, Zhongyi"]
[Black "Mkrtchian, Lilit"]
[Result "1-0"]
[WhiteTitle "WGM"]
[BlackTitle "IM"]
[WhiteElo "2504"]
[BlackElo "2434"]
[WhiteFideId "8603642"]
[BlackFideId "13300601"]
[EventDate "2016.02.28"]

1. Nf3 c5 2. c4 Nf6 3. d4 cxd4 4. Nxd4 e6 5. Nc3 a6 6. a3 b6 7. e4 Qc7 8. Be3
Bb7 9. f3 d6 10. Be2 Be7 11. O-O Nbd7 12. Qd2 O-O 13. b4 Ne5 14. Qa2 b5 15. Rac1
bxc4 16. Rfd1 Rac8 17. b5 Qb8 18. Rb1 a5 19. b6 d5 20. exd5 exd5 21. Ncb5 Bc5
22. Kh1 Ned7 23. Bf1 Qe5 24. Bg1 Bxb6 25. Re1 Qh5 26. Nd6 Rb8 27. N4f5 Ba6 28.
Qd2 Bxg1 29. Kxg1 Rxb1 30. Rxb1 a4 31. Qf4 Bc8 32. g4 Nxg4 33. fxg4 1-0

[Event "IMSA Blitz w 2016"]
[Site "Huai'an CHN"]
[Date "2016.02.28"]
[Round "2.1"]
[White "Ju, Wenjun"]
[Black "Mkrtchian, Lilit"]
[Result "1-0"]
[WhiteTitle "GM"]
[BlackTitle "IM"]
[WhiteElo "2558"]
[BlackElo "2434"]
[WhiteFideId "8603006"]
[BlackFideId "13300601"]
[EventDate "2016.02.28"]

1. d4 Nf6 2. c4 e6 3. Nc3 Bb4 4. e3 O-O 5. Ne2 c6 6. a3 Ba5 7. b4 Bc7 8. e4 d6
9. Ng3 e5 10. d5 a5 11. Bb2 Na6 12. Be2 cxd5 13. cxd5 Bb6 14. O-O Bd7 15. Qb3
Bd4 16. Nb5 Bxb2 17. Qxb2 Bxb5 18. Bxb5 axb4 19. axb4 Qb6 20. Bxa6 Rxa6 21. h3
g6 22. Rxa6 bxa6 23. Ra1 Rb8 24. Qe2 Qxb4 25. Rxa6 Rc8 26. Kh2 Kg7 27. Qe3 Rc2
28. Qg5 Nxe4 29. Nf5+ 1-0

[Event "IMSA Blitz w 2016"]
[Site "Huai'an CHN"]
[Date "2016.02.28"]
[Round "2.3"]
[White "Huang, Qian"]
[Black "Lagno, Kateryna"]
[Result "1/2-1/2"]
[WhiteTitle "WGM"]
[BlackTitle "GM"]
[WhiteElo "2450"]
[BlackElo "2529"]
[WhiteFideId "8602689"]
[BlackFideId "14109336"]
[EventDate "2016.02.28"]

1. Nf3 g6 2. g3 Bg7 3. Bg2 c5 4. c4 Nc6 5. O-O e6 6. e3 Nge7 7. d4 cxd4 8. Nxd4
Nxd4 9. exd4 d5 10. cxd5 Nxd5 11. Nc3 O-O 12. Qb3 Qb6 13. Nxd5 exd5 14. Qxb6
axb6 15. Bxd5 Bxd4 16. Rd1 Bf6 17. Bh6 Bxb2 18. Rab1 Bg7 19. Bxg7 Kxg7 20. Rxb6
Rd8 21. Rbb1 Ra5 22. Bb3 Rxd1+ 23. Rxd1 Bg4 24. Rc1 Bf3 25. Kf1 Bd5 26. Bxd5
Rxd5 27. Rb1 b5 28. Ke2 Kf6 29. Ke3 Ke6 30. Rb4 f5 31. a4 bxa4 32. Rxa4 Kf6 33.
Kf3 1/2-1/2

[Event "IMSA Blitz w 2016"]
[Site "Huai'an CHN"]
[Date "2016.02.28"]
[Round "2.4"]
[White "Harika, Dronavalli"]
[Black "Paehtz, Elisabeth"]
[Result "1/2-1/2"]
[WhiteTitle "GM"]
[BlackTitle "IM"]
[WhiteElo "2511"]
[BlackElo "2472"]
[WhiteFideId "5015197"]
[BlackFideId "4641833"]
[EventDate "2016.02.28"]

1. g3 g6 2. Bg2 Bg7 3. c4 d6 4. Nc3 e5 5. d3 Nc6 6. e4 Nge7 7. Nge2 O-O 8. O-O
f5 9. Be3 h6 10. f4 Kh7 11. Qd2 Be6 12. b3 Qd7 13. Rae1 Rae8 14. Kh1 a6 15. Nd5
Bxd5 16. cxd5 Nd8 17. d4 Nf7 18. dxe5 dxe5 19. Bc5 fxe4 20. Bxe4 Nd6 21. Bg2
Nef5 22. fxe5 Rxe5 23. Nf4 b6 24. Bb4 Rfe8 25. Ne6 Rxe1 26. Rxe1 a5 27. Bc3 Bxc3
28. Qxc3 Nb5 29. Qf6 Nbd4 30. g4 Qg7 31. Qxg7+ Nxg7 32. Rc1 Ndxe6 33. dxe6 Nxe6
34. Bd5 Nc5 35. a3 Re5 36. Bc4 Ne4 37. h3 c5 38. Kg2 Kg7 39. Rd1 Kf6 40. Rf1+
Kg5 41. Rf7 Nd6 42. Rd7 Nxc4 43. bxc4 Re3 44. Rd6 Rxa3 45. Rxb6 Ra4 46. Rb5 Rxc4
47. Rxa5 Rc3 48. Ra6 c4 49. h4+ Kxg4 50. Rxg6+ Kh5 51. Rc6 Rc2+ 52. Kg3 c3 53.
Rc5+ Kg6 54. h5+ Kf6 55. Rc6+ Kg5 56. Rc5+ Kf6 57. Kf4 Rf2+ 58. Ke3 Rh2 59. Kd3
Rh3+ 60. Kc2 Kf7 61. Kb3 Kf6 62. Kc2 Kf7 63. Kb3 Kf6 1/2-1/2

[Event "IMSA Blitz w 2016"]
[Site "Huai'an CHN"]
[Date "2016.02.28"]
[Round "2.5"]
[White "Gunina, Valentina"]
[Black "Zhao, Xue"]
[Result "1-0"]
[WhiteTitle "GM"]
[BlackTitle "GM"]
[WhiteElo "2496"]
[BlackElo "2506"]
[WhiteFideId "4167570"]
[BlackFideId "8601283"]
[EventDate "2016.02.28"]

1. d4 Nf6 2. c4 e6 3. Nf3 b6 4. g3 Ba6 5. b3 c6 6. Nc3 d5 7. Bg2 Bb4 8. Bd2 Nbd7
9. O-O Be7 10. Ne5 Nxe5 11. dxe5 Ng4 12. e4 Nxe5 13. exd5 cxd5 14. Qh5 Bf6 15.
Nxd5 exd5 16. Bb4 Qd7 17. Rfe1 O-O-O 18. Bh3 Nf3+ 19. Kh1 Nxe1 20. Rxe1 dxc4 21.
Bxd7+ Rxd7 22. bxc4 Bxc4 23. Rc1 Rc7 24. Bd6 Bd5+ 25. Qxd5 Rxc1+ 26. Kg2 Rd8 27.
Qf5+ Rd7 28. Bf4 Rc6 29. Qxh7 Kb7 30. Qe4 Re7 31. Qd5 a6 32. a4 a5 33. h4 Re6
34. Qd7+ Ka6 35. Qxf7 Re7 36. Qd5 Rc8 37. Be3 Rec7 38. Qb5+ Ka7 39. Bxb6+ Ka8
40. Bxc7 1-0

[Event "IMSA Blitz w 2016"]
[Site "Huai'an CHN"]
[Date "2016.02.28"]
[Round "3.1"]
[White "Socko, Monika"]
[Black "Ju, Wenjun"]
[Result "0-1"]
[WhiteTitle "GM"]
[BlackTitle "GM"]
[WhiteElo "2448"]
[BlackElo "2558"]
[WhiteFideId "1106619"]
[BlackFideId "8603006"]
[EventDate "2016.02.28"]

1. d4 Nf6 2. c4 e6 3. Nf3 Bb4+ 4. Nbd2 O-O 5. a3 Be7 6. e4 d5 7. e5 Nfd7 8. c5
f6 9. exf6 Bxf6 10. Bd3 Nc6 11. Nb3 e5 12. dxe5 Ndxe5 13. Nxe5 Nxe5 14. Be2 Nc4
15. Nd4 Re8 16. b3 Qe7 17. O-O Qxc5 18. bxc4 Qxd4 19. Ra2 dxc4 20. Qxd4 Bxd4 21.
Bxc4+ Be6 22. Bxe6+ Rxe6 23. g4 c5 24. Kg2 Rae8 25. f4 Re2+ 26. Rxe2 Rxe2+ 27.
Kg3 b5 28. f5 Be5+ 29. Kf3 Rxh2 30. Ke4 Re2+ 31. Kd5 c4 32. g5 c3 33. Kc5 a6 34.
Kb6 Bd4+ 35. Kxa6 Re5 36. Rd1 Bc5 37. f6 gxf6 38. gxf6 Kf7 39. Rh1 h5 40. Rh3
Bd4 41. Rd3 Re1 42. Bf4 Bxf6 43. Rd7+ Ke6 44. Rc7 Rf1 45. Bg3 Ra1 46. Kxb5 Rxa3
47. Be1 Rb3+ 48. Kc4 Rb1 49. Kd3 Rxe1 50. Rc6+ Kf5 51. Rc5+ Kg6 52. Rc6 Rd1+ 53.
Ke2 Rd2+ 54. Ke3 Ra2 55. Rc4 c2 56. Kd2 Bg5+ 57. Ke2 c1=Q+ 0-1

[Event "IMSA Blitz w 2016"]
[Site "Huai'an CHN"]
[Date "2016.02.28"]
[Round "3.4"]
[White "Zhao, Xue"]
[Black "Dzagnidze, Nana"]
[Result "0-1"]
[WhiteTitle "GM"]
[BlackTitle "GM"]
[WhiteElo "2506"]
[BlackElo "2529"]
[WhiteFideId "8601283"]
[BlackFideId "13601903"]
[EventDate "2016.02.28"]

1. d4 Nf6 2. c4 e6 3. Nf3 d5 4. Bg5 Bb4+ 5. Nbd2 h6 6. Bxf6 Qxf6 7. Qa4+ Nc6 8.
e3 Bd7 9. Qc2 O-O 10. Be2 dxc4 11. O-O Bxd2 12. Nxd2 e5 13. d5 Ne7 14. Bxc4 c6
15. dxc6 Bxc6 16. Rfd1 Rac8 17. Qb3 Nf5 18. Bd5 Nh4 19. g3 Bxd5 20. Qxd5 Rcd8
21. Qe4 Rxd2 22. Rxd2 Nf3+ 23. Kg2 Nxd2 24. Qxb7 e4 25. Rc1 Qf3+ 26. Kg1 Qf5 27.
Kg2 h5 28. h4 Nf3 29. Rc4 Re8 30. Qc6 Re6 31. Qa8+ Kh7 32. Rc8 Rd6 33. Rh8+ Kg6
34. Qg8 Nxh4+ 0-1

[Event "IMSA Blitz w 2016"]
[Site "Huai'an CHN"]
[Date "2016.02.28"]
[Round "3.5"]
[White "Paehtz, Elisabeth"]
[Black "Gunina, Valentina"]
[Result "0-1"]
[WhiteTitle "IM"]
[BlackTitle "GM"]
[WhiteElo "2472"]
[BlackElo "2496"]
[WhiteFideId "4641833"]
[BlackFideId "4167570"]
[EventDate "2016.02.28"]

1. e4 c6 2. d4 d5 3. Nc3 dxe4 4. Nxe4 Bf5 5. Ng3 Bg6 6. h4 h6 7. Nf3 Nf6 8. h5
Bh7 9. Bd3 Bxd3 10. Qxd3 e6 11. Bd2 c5 12. O-O-O Nc6 13. Qb5 Qb6 14. Qxb6 axb6
15. Kb1 cxd4 16. Bc1 Bc5 17. Ne2 e5 18. Ng3 O-O 19. a3 b5 20. Rhe1 Rfe8 21. Nd2
b4 22. Nde4 Nxe4 23. Nxe4 Bf8 24. axb4 Nxb4 25. c3 Nc6 26. f4 dxc3 27. Nxc3 exf4
28. Bxf4 Rxe1 29. Rxe1 Nd4 30. Re4 Ne6 31. Be5 Nc5 32. Rg4 Re8 33. Bg3 Re6 34.
Kc2 Nd7 35. Bh4 Re5 36. Rd4 Nc5 37. g4 f5 38. Bg3 Re3 39. Bf4 Rh3 40. gxf5 Rxh5
41. Rd5 Rh4 42. Be3 b6 43. Bd4 Kf7 44. b4 Na6 45. Rd7+ Ke8 46. Ra7 Nxb4+ 47. Kb3
Rxd4 48. Nb5 Rd7 49. Ra8+ Kf7 50. Nc3 Nc6 51. Ne4 Nd4+ 52. Kc4 Nxf5 0-1

[Event "IMSA Blitz w 2016"]
[Site "Huai'an CHN"]
[Date "2016.02.28"]
[Round "3.6"]
[White "Lagno, Kateryna"]
[Black "Harika, Dronavalli"]
[Result "1-0"]
[WhiteTitle "GM"]
[BlackTitle "GM"]
[WhiteElo "2529"]
[BlackElo "2511"]
[WhiteFideId "14109336"]
[BlackFideId "5015197"]
[EventDate "2016.02.28"]

1. e4 e6 2. d4 d5 3. Nc3 Bb4 4. e5 c5 5. a3 Bxc3+ 6. bxc3 Ne7 7. Qg4 Qc7 8. Bd3
Qa5 9. Bd2 c4 10. Be2 Rg8 11. Nf3 Nbc6 12. O-O Bd7 13. Qh5 h6 14. Rfb1 Qa4 15.
Rxb7 Qxc2 16. Bd1 Qg6 17. Qxg6 Nxg6 18. Rab1 f6 19. exf6 gxf6 20. Bxh6 e5 21.
Ba4 Rc8 22. Be3 e4 23. Ne1 f5 24. Bg5 f4 25. h4 f3 26. Nc2 Nce5 27. Bxd7+ Nxd7
28. Ne3 Nb6 29. Rxa7 Rb8 30. Nxd5 1-0

[Event "IMSA Blitz w 2016"]
[Site "Huai'an CHN"]
[Date "2016.02.28"]
[Round "3.7"]
[White "Tan, Zhongyi"]
[Black "Huang, Qian"]
[Result "1-0"]
[WhiteTitle "WGM"]
[BlackTitle "WGM"]
[WhiteElo "2504"]
[BlackElo "2450"]
[WhiteFideId "8603642"]
[BlackFideId "8602689"]
[EventDate "2016.02.28"]

1. d4 d5 2. c4 dxc4 3. Nf3 c6 4. e3 Nf6 5. Bxc4 e6 6. O-O Be7 7. Nc3 O-O 8. e4
b5 9. Bd3 b4 10. Ne2 c5 11. e5 Nd5 12. dxc5 h6 13. Nf4 Bb7 14. Nh5 Nd7 15. c6
Bxc6 16. Nd4 Nxe5 17. Nxc6 Nxc6 18. Qg4 Bf6 19. Qe4 Re8 20. Qh7+ Kf8 21. Bb5 Rc8
22. Rd1 Qb6 23. Bxh6 gxh6 24. Rxd5 exd5 25. Qxh6+ Ke7 26. Qxf6+ Kd7 27. Qxf7+
Kd6 28. Qf6+ Kc5 29. Bf1 Qd8 30. Qf4 Kb6 31. a3 Re4 32. Qd2 Qd6 33. Ng3 Rf4 34.
axb4 Rxb4 35. Ra6+ Kb7 36. Nf5 Qc5 37. Ra1 Kb8 38. Rc1 Qb6 39. Qxd5 Rxb2 40.
Qd6+ Ka8 41. Ne3 Qb4 1-0

[Event "IMSA Blitz w 2016"]
[Site "Huai'an CHN"]
[Date "2016.02.28"]
[Round "4.2"]
[White "Huang, Qian"]
[Black "Mkrtchian, Lilit"]
[Result "0-1"]
[WhiteTitle "WGM"]
[BlackTitle "IM"]
[WhiteElo "2450"]
[BlackElo "2434"]
[WhiteFideId "8602689"]
[BlackFideId "13300601"]
[EventDate "2016.02.28"]

1. c4 Nf6 2. Nc3 c5 3. Nf3 e6 4. g3 a6 5. Bg2 Be7 6. O-O Qc7 7. b3 d6 8. Bb2 b6
9. e3 Bb7 10. d4 O-O 11. Re1 Ne4 12. Rc1 Nd7 13. d5 Nxc3 14. Bxc3 exd5 15. cxd5
Bf6 16. e4 Bxc3 17. Rxc3 Rfe8 18. Rce3 b5 19. Nh4 c4 20. bxc4 bxc4 21. Qc2 a5
22. Qc3 Ne5 23. f4 Ng4 24. R3e2 Qc5+ 25. Kh1 Bc8 26. h3 Nf2+ 27. Kh2 Nd3 28. Rb1
Bd7 29. e5 Rad8 30. Rb7 Bc8 31. Rb1 Nb4 32. Rd1 dxe5 33. fxe5 Nxd5 34. Qc1 Be6
35. Rf1 Nb4 36. Nf5 Bxf5 37. Rxf5 Nd3 38. Qc3 Qb4 39. Qc2 c3 40. Rf3 Nxe5 41.
Rfe3 f6 42. Rxc3 Qd6 43. Rc5 Kh8 44. Rxa5 Rc8 45. Qb3 h5 46. Rd5 Qc7 47. Qb4 Qf7
48. Red2 Qg6 49. Qf4 Rc3 50. Rd8 Rc8 51. R8d4 Rb8 52. a4 Rb3 53. Rd8 Rb8 54.
Rxb8 Rxb8 55. a5 Qf7 56. a6 Qa7 57. Ra2 Rb6 58. Qa4 Nf7 59. Qe8+ Kh7 60. Qe4+
Kh8 61. Qc4 Ng5 62. Qc8+ Kh7 63. Qf5+ Kh6 64. Qa5 Rb3 65. Qd2 Qc7 66. Qf2 h4 67.
Kh1 hxg3 68. Qd2 Rb1+ 69. Bf1 Rxf1+ 70. Kg2 Rf2+ 71. Qxf2 gxf2 72. a7 Qb7+ 73.
Kxf2 Qa8 74. h4 Ne4+ 75. Ke3 Nd6 76. Kd4 0-1

[Event "IMSA Blitz w 2016"]
[Site "Huai'an CHN"]
[Date "2016.02.28"]
[Round "4.3"]
[White "Harika, Dronavalli"]
[Black "Tan, Zhongyi"]
[Result "1/2-1/2"]
[WhiteTitle "GM"]
[BlackTitle "WGM"]
[WhiteElo "2511"]
[BlackElo "2504"]
[WhiteFideId "5015197"]
[BlackFideId "8603642"]
[EventDate "2016.02.28"]

1. d4 Nf6 2. Bg5 d5 3. e3 Bf5 4. Bxf6 exf6 5. Bd3 Bxd3 6. Qxd3 c6 7. Nd2 Nd7 8.
Ne2 g6 9. c4 dxc4 10. Qxc4 Bg7 11. O-O O-O 12. b4 Nb6 13. Qc2 f5 14. Nb3 Nd5 15.
a3 Re8 16. Nc3 f4 17. Nxd5 Qxd5 18. exf4 Re4 19. g3 Rae8 20. Rad1 h5 21. h4 Re2
22. Qc3 Qf5 23. Qf3 Bf6 24. d5 cxd5 25. Rxd5 Qc2 26. Nd4 Bxd4 27. Rxd4 b6 28.
Rd7 Qc4 29. Rdd1 Ra2 30. f5 gxf5 31. Qxh5 Qg4 32. Qxg4+ fxg4 33. Rd4 f5 34. Rc1
Rxa3 35. Rc7 a5 36. bxa5 Rxa5 37. Kg2 Rae5 38. h5 R8e7 39. Rxe7 Rxe7 40. Rd6 Rb7
41. Rf6 b5 42. Rxf5 b4 43. Rd5 b3 44. Rd1 b2 45. Rb1 Rb3 46. Kf1 Kh7 47. Ke2 Kh6
48. Kd2 Rb5 49. Kc3 Kxh5 50. Rxb2 Rd5 51. Kc4 Rd8 52. Rb5+ Kg6 53. Kc3 Rf8 54.
Rb2 Kf5 55. Kd3 Rd8+ 56. Ke3 Re8+ 57. Kd3 Rd8+ 58. Ke2 Re8+ 59. Kf1 Re4 60. Re2
Rb4 61. Re8 Kg5 62. Kg2 Kf5 63. Rd8 Kg5 64. Rd5+ Kg6 65. Kf1 Re4 66. Rc5 Kf6 67.
Ra5 Kg6 68. Ra2 Kf5 69. Re2 Rb4 70. Rc2 Re4 71. Kg2 Kg5 72. Rc8 Rd4 73. Rg8+ Kf5
74. Re8 Kg5 75. Kf1 Ra4 76. Ke2 Ra2+ 77. Ke3 Ra3+ 78. Kd4 Ra2 79. Rg8+ Kf5 80.
Rf8+ Kg5 81. Ke4 Ra4+ 82. Ke3 Ra3+ 83. Ke2 Ra2+ 84. Kf1 Ra1+ 85. Kg2 Ra4 86. f4+
gxf3+ 87. Kxf3 Ra3+ 88. Kg2 Ra2+ 89. Kh3 Ra5 90. Rg8+ Kh6 91. Kh4 Kh7 92. Rb8
Kg7 93. g4 Rc5 94. g5 Ra5 95. Kh5 Ra7 96. Rb6 Rc7 97. Rg6+ Kh7 98. Rd6 Kg7 99.
Kg4 Rc4+ 100. Kf5 Rc7 101. Rd5 Rf7+ 102. Kg4 Ra7 103. Kh5 Rb7 104. g6 Ra7 105.
Kg5 Rb7 106. Rf5 Ra7 107. Rf7+ 1/2-1/2

[Event "IMSA Blitz w 2016"]
[Site "Huai'an CHN"]
[Date "2016.02.28"]
[Round "4.4"]
[White "Gunina, Valentina"]
[Black "Lagno, Kateryna"]
[Result "1-0"]
[WhiteTitle "GM"]
[BlackTitle "GM"]
[WhiteElo "2496"]
[BlackElo "2529"]
[WhiteFideId "4167570"]
[BlackFideId "14109336"]
[EventDate "2016.02.28"]

1. d4 Nf6 2. c4 g6 3. g3 c5 4. d5 Bg7 5. Bg2 d6 6. Nc3 O-O 7. Nf3 e6 8. O-O exd5
9. cxd5 Re8 10. Nd2 a6 11. a4 Nbd7 12. e4 Ne5 13. Qc2 h5 14. f4 Neg4 15. Nc4 Nh7
16. h3 Bd4+ 17. Kh1 Ngf6 18. Ne2 Rb8 19. a5 Qc7 20. Nxd4 cxd4 21. Qd3 Bd7 22.
Qxd4 Bb5 23. b3 Rbc8 24. Bb2 Bxc4 25. Rfc1 Qe7 26. bxc4 Qf8 27. e5 dxe5 28. fxe5
Nd7 29. e6 Ndf6 30. Rf1 fxe6 31. dxe6 Qc5 32. Rxf6 Qxd4 33. Rxg6+ 1-0

[Event "IMSA Blitz w 2016"]
[Site "Huai'an CHN"]
[Date "2016.02.28"]
[Round "4.5"]
[White "Dzagnidze, Nana"]
[Black "Paehtz, Elisabeth"]
[Result "1-0"]
[WhiteTitle "GM"]
[BlackTitle "IM"]
[WhiteElo "2529"]
[BlackElo "2472"]
[WhiteFideId "13601903"]
[BlackFideId "4641833"]
[EventDate "2016.02.28"]

1. d4 g6 2. c4 Bg7 3. Nf3 d6 4. Nc3 Bg4 5. e3 Nf6 6. Be2 O-O 7. O-O Nc6 8. h3
Bd7 9. b3 e5 10. Bb2 Re8 11. dxe5 dxe5 12. Qc1 Bf5 13. Rd1 Qc8 14. Nd5 Nd7 15.
b4 Nd8 16. c5 c6 17. Nc3 b6 18. g4 Be6 19. Ne4 Nb7 20. Bc4 h6 21. Rd2 bxc5 22.
Bxe6 Rxe6 23. bxc5 Nf6 24. Nxf6+ Bxf6 25. Qc4 Rb8 26. Rad1 Kg7 27. Ba1 Re7 28.
h4 Na5 29. Qe4 g5 30. hxg5 hxg5 31. Rd6 Re6 32. Kg2 Nb7 33. Rxe6 Qxe6 34. Bxe5
Nxc5 35. Bxf6+ Qxf6 36. Qc4 Ne6 37. Rd7 Rb2 38. Rxa7 Rb1 39. a4 Ra1 40. a5 Nf8
41. Qd4 Ne6 42. Qxf6+ Kxf6 43. Nd4 Nxd4 44. exd4 Ke6 45. Kf3 f6 46. Ke4 Re1+ 47.
Kd3 Ra1 48. Ra8 Kd5 49. Rd8+ Ke6 50. Ra8 Kd5 51. Kc3 Rc1+ 52. Kb2 Rc4 53. Kb3
Rc1 54. a6 Kxd4 55. a7 Rb1+ 56. Kc2 1-0

[Event "IMSA Blitz w 2016"]
[Site "Huai'an CHN"]
[Date "2016.02.28"]
[Round "4.6"]
[White "Khotenashvili, Bela"]
[Black "Zhao, Xue"]
[Result "1-0"]
[WhiteTitle "GM"]
[BlackTitle "GM"]
[WhiteElo "2502"]
[BlackElo "2506"]
[WhiteFideId "13602640"]
[BlackFideId "8601283"]
[EventDate "2016.02.28"]

1. d4 Nf6 2. Nf3 e6 3. g3 b5 4. Bg2 d5 5. a4 b4 6. a5 Ba6 7. O-O Nbd7 8. Re1 c5
9. c3 Rc8 10. Nbd2 cxd4 11. cxd4 Bd6 12. e4 dxe4 13. Ng5 O-O 14. Ngxe4 Be7 15.
Qb3 h6 16. h3 Re8 17. Kh2 Qc7 18. Nxf6+ Nxf6 19. Ne4 Qc4 20. Qxc4 Bxc4 21. Bf4
Nd5 22. Nd6 Bxd6 23. Bxd6 1-0

[Event "IMSA Blitz w 2016"]
[Site "Huai'an CHN"]
[Date "2016.02.28"]
[Round "5.4"]
[White "Paehtz, Elisabeth"]
[Black "Khotenashvili, Bela"]
[Result "1-0"]
[WhiteTitle "IM"]
[BlackTitle "GM"]
[WhiteElo "2472"]
[BlackElo "2502"]
[WhiteFideId "4641833"]
[BlackFideId "13602640"]
[EventDate "2016.02.28"]

1. e4 c6 2. d4 d5 3. Nc3 dxe4 4. Nxe4 Nf6 5. Nxf6+ exf6 6. Nf3 Bd6 7. Be2 O-O 8.
Be3 Re8 9. O-O Bg4 10. Qd2 Nd7 11. c4 Nf8 12. h3 Bh5 13. Rad1 Bg6 14. Nh4 f5 15.
Nxg6 Nxg6 16. Qd3 Qf6 17. Rfe1 Rad8 18. Qb3 Re7 19. c5 Bf4 20. Bc4 Bxe3 21. Rxe3
f4 22. Rxe7 Qxe7 23. d5 Qxc5 24. dxc6 Rxd1+ 25. Qxd1 bxc6 26. Bb3 Nf8 27. Qf3
Qd6 28. Qh5 g6 29. Qf3 Ne6 30. Qe4 Kg7 31. Bc4 Nc5 32. Qf3 h5 33. b4 Ne6 34.
Bxe6 fxe6 35. Qe4 e5 36. h4 Qd5 37. Qc2 Kf6 38. a3 f3 39. gxf3 Qxf3 40. Qc4 Qd5
41. Qc2 Kg7 42. Qc3 Qe4 43. Qc5 Qg4+ 44. Kf1 Qd1+ 45. Kg2 Qg4+ 46. Kf1 Qxh4 47.
Qxa7+ Kh6 48. Qc5 Qh1+ 49. Ke2 Qe4+ 50. Qe3+ Qxe3+ 51. fxe3 h4 52. a4 g5 53. a5
g4 54. Kf2 Kg5 55. a6 g3+ 56. Kg1 Kg4 57. a7 h3 58. a8=Q Kf3 59. Qxc6+ e4 60.
Qf6+ Kxe3 61. Qg5+ Kf3 62. Qh5+ Kf4 63. Qxh3 e3 64. Qg2 Kg4 65. Qe2+ Kf4 66. b5 1-0

[Event "IMSA Blitz w 2016"]
[Site "Huai'an CHN"]
[Date "2016.02.28"]
[Round "5.5"]
[White "Lagno, Kateryna"]
[Black "Dzagnidze, Nana"]
[Result "1-0"]
[WhiteTitle "GM"]
[BlackTitle "GM"]
[WhiteElo "2529"]
[BlackElo "2529"]
[WhiteFideId "14109336"]
[BlackFideId "13601903"]
[EventDate "2016.02.28"]

1. e4 e5 2. Nf3 Nc6 3. Bb5 a6 4. Ba4 Nf6 5. d3 b5 6. Bb3 Be7 7. a4 b4 8. Nbd2
O-O 9. Nc4 d6 10. O-O a5 11. h3 Kh8 12. Be3 Be6 13. Ng5 Nd7 14. Nxe6 fxe6 15.
Nd2 Rf6 16. c3 Rg6 17. Nf3 Nb6 18. d4 exd4 19. cxd4 d5 20. Rc1 dxe4 21. Rxc6
exf3 22. Qxf3 Rb8 23. Bc2 Rf6 24. Qe4 Qg8 25. Bf4 Nd5 26. Be5 Rh6 27. Bb3 Rb6
28. Rfc1 Bf6 29. Bg3 Rxc6 30. Rxc6 Bd8 31. Ra6 Rg6 32. Rxa5 Rf6 33. Ra8 Rf8 34.
a5 Qf7 35. a6 Nf6 36. Qxe6 Qg6 37. a7 Qb1+ 38. Kh2 Ne4 39. Bd5 Nxg3 40. fxg3 h6
41. Rxd8 Rxd8 42. a8=Q Rxa8 43. Bxa8 g5 44. Qxh6+ 1-0